[Event "Euro Online U2300 Day 2"]
[Site "chess.com INT"]
[Date "2020.05.26"]
[Round "5"]
[White "Ponce Cano, Adrian"]
[Black "Abdullayev, Azer"]
[Result "1-0"]
[WhiteTitle "FM"]
[WhiteElo "2169"]
[BlackElo "2039"]
[WhiteFideId "22296913"]
[BlackFideId "13403400"]
[EventDate "2020.05.26"]

1. e4 e5 2. Nf3 Nc6 3. Nc3 Nf6 4. Bb5 Bb4 5. d3 d6 6. h3 O-O 7. Bg5 Bxc3+ 8.
bxc3 Qe7 9. O-O Nd8 10. Re1 Ne6 11. Bh4 Nf4 12. d4 Ng6 13. Bg3 c6 14. Bc4 Nh5
15. Nxe5 Nxe5 16. Bxe5 Qg5 17. Bxd6 Bxh3 18. Qf3 Rfd8 19. Bxf7+ Kh8 20. Qxh3
Rxd6 21. Qxh5 Qd2 22. e5 Rh6 23. Qf3 Qg5 24. Qg3 Qe7 25. Bc4 Rg6 26. Qe3 Rf8 27.
Bd3 Rh6 28. Qe4 Qf7 29. Qf3 Qe8 30. Qg3 Qh5 31. f3 c5 32. e6 cxd4 33. e7 Re8 34.
cxd4 Qa5 35. Qe5 Qd2 36. Qe3 Qa5 37. Rab1 Qh5 38. Qf4 Rf6 39. Qe4 Rh6 40. Qe5
Qh1+ 41. Kf2 Qh4+ 42. Qg3 Qf6 43. c3 Rxe7 44. Rxe7 Qxe7 45. Qb8+ 1-0

[Event "Euro Online U2300 Day 2"]
[Site "chess.com INT"]
[Date "2020.05.26"]
[Round "5"]
[White "Basa, Manasvita"]
[Black "Risteski, Emil"]
[Result "1-0"]
[WhiteElo "1711"]
[BlackElo "2159"]
[WhiteFideId "1060228"]
[BlackFideId "15005267"]
[EventDate "2020.05.26"]

1. e4 c5 2. d4 cxd4 3. c3 Nf6 4. e5 Nd5 5. cxd4 d6 6. f4 Nc6 7. Nf3 Bf5 8. Bd3
Bxd3 9. Qxd3 dxe5 10. fxe5 Ndb4 11. Qc4 Nxd4 12. O-O Nxf3+ 13. Rxf3 e6 14. Nc3
Rc8 15. Qb5+ Qd7 16. Qxd7+ Kxd7 17. Rxf7+ Kc6 18. Be3 Rc7 19. Rf4 b6 20. Rd1 Nc2
21. Bf2 Bc5 22. Rc1 Nb4 23. Rxb4 Bxb4 24. Nb5+ Kxb5 25. Rxc7 Rd8 26. h3 Rd1+ 27.
Kh2 Rd2 28. a4+ Kxa4 29. Rxa7+ Kb5 30. Kg3 Rxb2 31. Rxg7 Bc3 32. Rxh7 Bxe5+ 33.
Kf3 Kc4 34. g4 b5 35. g5 b4 36. g6 Ra2 37. Rh4+ Kc3 38. Be1+ Kd3 39. Bxb4 Bd4
40. Be1 Ra8 41. Rg4 e5 42. g7 Rg8 43. Bg3 e4+ 44. Rxe4 Rxg7 45. Re6 Rh7 46. h4
Kc4 47. Ke4 Bc5 48. Rc6 Re7+ 49. Kf5 Kd5 50. Rc7 Re3 51. Rxc5+ Kxc5 52. Bf2 Kd5
53. Bxe3 Kd6 1-0

[Event "Euro Online U2300 Day 2"]
[Site "chess.com INT"]
[Date "2020.05.26"]
[Round "5"]
[White "Plaksin, Igor"]
[Black "Skatchkov, Valery"]
[Result "1-0"]
[BlackTitle "FM"]
[WhiteElo "1868"]
[BlackElo "2242"]
[WhiteFideId "34182117"]
[BlackFideId "24195812"]
[EventDate "2020.05.26"]

1. e4 e5 2. Nc3 Nf6 3. f4 d5 4. fxe5 Nxe4 5. Nf3 Nc6 6. Qe2 Nxc3 7. bxc3 Be7 8.
d4 Be6 9. Qf2 O-O 10. Bd3 f6 11. Qg3 fxe5 12. dxe5 d4 13. Bh6 Rf7 14. O-O dxc3
15. Rad1 Qf8 16. Bg5 Bc5+ 17. Kh1 Nb4 18. Be4 Bf5 19. Bxf5 Rxf5 20. Bf6 Qf7 21.
Ng5 Rxf1+ 22. Rxf1 Qc4 23. Rd1 Qe2 24. Ra1 gxf6 25. exf6 Qh5 26. f7+ Kg7 27.
Qe5+ Kg6 28. Qxc5 Qxg5 29. f8=Q Rxf8 30. Qxf8 Nxc2 31. Rf1 Qe5 32. Qf7+ Kg5 33.
Qg8+ Kh6 34. Qf8+ Kg5 35. h4+ Kxh4 36. Qh6+ Kg4 37. Qh3+ Kg5 38. Qxh7 Ne3 39.
Qg8+ Kh5 40. Rf3 Ng4 41. Rh3# 1-0

[Event "Euro Online U2300 Day 2"]
[Site "chess.com INT"]
[Date "2020.05.26"]
[Round "5"]
[White "Gavilan Diaz, Mario"]
[Black "Lopez Varela, Pablo"]
[Result "1-0"]
[WhiteTitle "FM"]
[WhiteElo "2278"]
[BlackElo "2177"]
[WhiteFideId "2260905"]
[BlackFideId "32092105"]
[EventDate "2020.05.26"]

1. e4 e5 2. Nf3 d6 3. d4 exd4 4. Nxd4 Nf6 5. Nc3 Be7 6. Bc4 O-O 7. O-O Re8 8.
Re1 h6 9. h3 Bf8 10. Bf4 Nbd7 11. a4 a5 12. Ba2 Nc5 13. Qf3 Ne6 14. Be3 Nc5 15.
Bd2 Be6 16. Bxe6 fxe6 17. Rad1 Nfd7 18. Qg3 Kh8 19. f4 e5 20. Nf5 exf4 21. Bxf4
Ne6 22. Be3 Ne5 23. Nd5 Kh7 24. b3 g6 25. Rf1 Bg7 26. Nxg7 Kxg7 27. Rf2 Rf8 28.
Rxf8 Qxf8 29. Rf1 Qe8 30. Qh4 g5 31. Qf2 Qf8 32. Qg3 Qe8 33. h4 Qg6 34. Ne7 Qxe4
35. hxg5 h5 36. Nf5+ Kg6 37. Nh4+ Kg7 38. g6 Ng4 39. Bc1 Qd4+ 40. Kh1 Rf8 41.
Nf3 Qc3 42. Qh4 Kxg6 43. Qg3 Kh7 44. Ng5+ Kg6 45. Qxc3 1-0

[Event "Euro Online U2300 Day 2"]
[Site "chess.com INT"]
[Date "2020.05.26"]
[Round "5"]
[White "Tsomaia, Nikoloz"]
[Black "Rahal, Michael A"]
[Result "1-0"]
[BlackTitle "IM"]
[WhiteElo "2240"]
[BlackElo "2333"]
[WhiteFideId "13611518"]
[BlackFideId "404691"]
[EventDate "2020.05.26"]

1. e4 c5 2. Nc3 e6 3. f4 d5 4. Nf3 a6 5. g3 Nf6 6. e5 Nfd7 7. Bg2 Nc6 8. O-O Be7
9. d3 b5 10. Ne2 b4 11. Be3 a5 12. a3 Ba6 13. c3 bxa3 14. bxa3 Qc7 15. Qc2 O-O
16. c4 dxc4 17. dxc4 Nb6 18. Nd2 Rad8 19. Rab1 a4 20. Rfc1 Nd4 21. Bxd4 cxd4 22.
Qd3 Bc5 23. Ne4 Nd7 24. h4 f6 25. exf6 Nxf6 26. Ng5 Rfe8 27. Rb5 Bxb5 28. cxb5
h6 29. Nf3 Qd6 30. Ne5 Nd5 31. Be4 Nf6 32. Bc6 Bxa3 33. Rc4 Bc5 34. Rxa4 Rf8 35.
Nc1 Nh5 36. Nb3 Nxf4 37. gxf4 Rxf4 38. Nf3 Rg4+ 39. Kf1 e5 40. Qc4+ Kh8 41. Qxc5
Qg6 42. Nbd2 Qd3+ 43. Ke1 Rg2 44. Kd1 e4 45. Bxe4 Qe2+ 46. Kc1 Re8 47. Bc6 1-0

[Event "Euro Online U2300 Day 2"]
[Site "chess.com INT"]
[Date "2020.05.26"]
[Round "5"]
[White "Erdogan, Anil Berk"]
[Black "Strybuk, Artsiom I"]
[Result "0-1"]
[WhiteTitle "CM"]
[BlackTitle "FM"]
[WhiteElo "2155"]
[BlackElo "2215"]
[WhiteFideId "6348173"]
[BlackFideId "13515659"]
[EventDate "2020.05.26"]

1. e4 e5 2. Nf3 Nc6 3. Bb5 Nf6 4. O-O Nxe4 5. d4 Nd6 6. Bxc6 dxc6 7. dxe5 Nf5 8.
Qxd8+ Kxd8 9. h3 Bd7 10. Nc3 h6 11. g4 Ne7 12. Kg2 g5 13. Rd1 Kc8 14. Ne4 Ng6
15. Nf6 Be6 16. b3 c5 17. Bb2 b6 18. c4 Kb7 19. Rd2 Be7 20. Rad1 a5 21. a4 b5
22. axb5 a4 23. bxa4 Rxa4 24. Nd5 Rxc4 25. Nxe7 Nxe7 26. Kg3 Kb6 27. Rd8 Rxd8
28. Rxd8 Kxb5 29. Rh8 Rc2 30. Ba1 Ra2 31. Bc3 Kc4 32. Bd2 Bd5 33. Be3 Ra6 34. h4
Bxf3 35. Kxf3 Ng6 36. Rc8 Nxe5+ 37. Kg3 gxh4+ 38. Kxh4 Rc6 39. f4 Nd7 40. f5 Kd3
41. Bf4 c4 42. Rd8 Ke4 43. Bc1 Ne5 44. Kh5 c3 45. Rd1 Nd3 46. Bxh6 c2 47. Rg1
Nf4+ 48. Bxf4 Kxf4 49. Rc1 Ke3 50. g5 Kd2 51. Rxc2+ Kxc2 52. g6 fxg6+ 53. fxg6
Rc3 54. g7 Rg3 55. Kh6 c5 56. Kh7 Rh3+ 57. Kg6 c4 58. g8=Q Rg3+ 59. Kf7 Rxg8 60.
Kxg8 c3 0-1

[Event "Euro Online U2300 Day 2"]
[Site "chess.com INT"]
[Date "2020.05.26"]
[Round "5"]
[White "Vashchilov, Sergey"]
[Black "Budisavljevic, Luka"]
[Result "0-1"]
[BlackTitle "FM"]
[WhiteElo "2176"]
[BlackElo "2444"]
[WhiteFideId "13506676"]
[BlackFideId "960047"]
[EventDate "2020.05.26"]

1. e4 c5 2. Nf3 e6 3. b3 a6 4. Bb2 Nc6 5. g3 d5 6. e5 Nge7 7. Bg2 Nf5 8. O-O Be7
9. d3 h5 10. h3 Qc7 11. Re1 b6 12. Nbd2 Bb7 13. a3 g5 14. Rc1 a5 15. c4 d4 16.
Ne4 g4 17. hxg4 hxg4 18. Nh2 Nxe5 19. Nxg4 Nxg4 20. Qxg4 O-O-O 21. b4 Rdg8 22.
Qe2 Nd6 23. bxc5 bxc5 24. Rb1 Nxe4 25. dxe4 Rh6 26. Bc1 Rh7 27. Rxb7 Qxb7 28. e5
Qc7 29. Bd2 Bg5 30. f4 Bd8 31. Qf3 Kd7 32. Rb1 Ke8 33. Rb7 Qc8 34. Qb3 Kf8 35.
Rb8 Qd7 36. Bxa5 Kg7 37. Qf3 Kh8 38. Qa8 d3 39. Rxd8 Rxd8 40. Qxd8+ Qxd8 41.
Bxd8 f5 42. Bf6+ Kg8 43. Bf3 Ra7 0-1

[Event "Euro Online U2300 Day 2"]
[Site "chess.com INT"]
[Date "2020.05.26"]
[Round "5"]
[White "Miletic, Vuk"]
[Black "Prydun, Andriy"]
[Result "0-1"]
[BlackTitle "FM"]
[WhiteElo "2159"]
[BlackElo "2254"]
[WhiteFideId "16503406"]
[BlackFideId "14145898"]
[EventDate "2020.05.26"]

1. d4 d5 2. c4 c6 3. Nc3 Nf6 4. Nf3 e6 5. e3 Nbd7 6. Qc2 Be7 7. b3 O-O 8. Bd3 b6
9. O-O Bb7 10. Bb2 c5 11. cxd5 exd5 12. Ne5 Re8 13. f4 a6 14. Rf3 b5 15. Rh3 Nf8
16. Nd1 c4 17. Be2 Ne4 18. bxc4 dxc4 19. Bf3 Nd6 20. Bxb7 Nxb7 21. Nf2 Rc8 22.
Nfg4 Nd6 23. d5 f6 24. Nc6 Qd7 25. Nf2 Qf5 26. Qxf5 Nxf5 27. e4 Nd6 28. e5 fxe5
29. fxe5 Nf7 30. Rg3 Ng6 31. Nxe7+ Rxe7 32. e6 Nd6 33. Ba3 Rd8 34. Rd1 a5 35.
Bxd6 Rxd6 36. Ne4 Rd8 37. Nc5 Nf4 38. d6 Nxe6 39. dxe7 Rxd1+ 40. Kf2 Nc7 41. Ne6
Ne8 42. Nxg7 Kf7 43. Nxe8 Kxe8 44. Rg5 c3 45. Rc5 b4 46. Ke3 a4 47. g4 a3 48. h4
b3 49. axb3 a2 50. g5 a1=Q 0-1

[Event "Euro Online U2300 Day 2"]
[Site "chess.com INT"]
[Date "2020.05.26"]
[Round "5"]
[White "Haring, Viktor"]
[Black "Kiremitciyan, Ari"]
[Result "1-0"]
[WhiteTitle "FM"]
[BlackTitle "FM"]
[WhiteElo "2298"]
[BlackElo "2281"]
[WhiteFideId "14919400"]
[BlackFideId "6373445"]
[EventDate "2020.05.26"]

1. e4 c6 2. d4 d5 3. exd5 cxd5 4. c4 Nf6 5. Nc3 Nc6 6. Bg5 dxc4 7. d5 Ne5 8. Qd4
h6 9. Bf4 Ng6 10. Bxc4 Nxf4 11. Qxf4 Qd6 12. Qd2 a6 13. Nf3 g6 14. O-O Bg7 15.
Rad1 O-O 16. Rfe1 Bg4 17. Qe3 Rac8 18. Bb3 Rc7 19. h3 Bxf3 20. Qxf3 b5 21. a4
Qb4 22. Na2 Qd6 23. axb5 axb5 24. Nc3 Qb4 25. Ne2 Ne4 26. Qf4 Rcc8 27. Nc1 f5
28. d6+ Kh7 29. d7 Rcd8 30. f3 Qc5+ 31. Qe3 Qxe3+ 32. Rxe3 Nc5 33. Rxe7 Kh8 34.
Bf7 Bf6 35. Re8 Kg7 36. Rxf8 Kxf8 37. Bxg6 Bxb2 38. Bxf5 Bxc1 39. Rxc1 Nxd7 40.
Rb1 Nc5 41. Rxb5 Na6 42. Rb6 Nc5 43. Rxh6 Rd2 44. Kh2 Nb3 45. Kg3 Nd4 46. Be4
Ne2+ 47. Kg4 Ng1 48. g3 Rg2 49. Kf4 Re2 50. g4 Rg2 51. h4 Ne2+ 52. Kf5 Ng3+ 53.
Kf6 Ke8 54. h5 Rf2 55. Bf5 Rxf3 56. Rh8# 1-0

[Event "Euro Online U2300 Day 2"]
[Site "chess.com INT"]
[Date "2020.05.26"]
[Round "5"]
[White "Khojayan, Vardan"]
[Black "Hristodoulou, Panagiotis"]
[Result "1-0"]
[BlackTitle "FM"]
[WhiteElo "2266"]
[BlackElo "2302"]
[WhiteFideId "13303520"]
[BlackFideId "4214340"]
[EventDate "2020.05.26"]

1. d4 Nf6 2. Nf3 g6 3. c4 Bg7 4. Nc3 O-O 5. e4 d6 6. Be2 e5 7. O-O Na6 8. Re1
Qe8 9. Bf1 Bg4 10. Be3 Nd7 11. d5 f5 12. h3 Bh5 13. Be2 Nac5 14. Ng5 Bxe2 15.
Qxe2 h6 16. Bxc5 Nxc5 17. Nf3 a5 18. b3 Kh7 19. Rab1 h5 20. Ng5+ Kh8 21. exf5
gxf5 22. Ne6 Nxe6 23. dxe6 Qxe6 24. Qxh5+ Qh6 25. Qxh6+ Bxh6 26. Nb5 Rf7 27. c5
dxc5 28. Rxe5 b6 29. Rbe1 Kg7 30. Re7 Rc8 31. R1e6 Bg5 32. Rxf7+ Kxf7 33. Rc6
Rd8 34. Rxc7+ Kf8 35. Rb7 Rd1+ 36. Kh2 Rd2 37. Kg3 Rxa2 38. Rxb6 Rb2 39. Nc3 c4
40. Rb5 Rxb3 41. Rxf5+ Ke7 42. Rxg5 Rxc3+ 43. Kf4 a4 44. Ra5 a3 45. Ke4 Rd3 46.
Ra4 Kd6 47. Rxc4 Rd2 48. Ke3 a2 49. Ra4 Rb2 50. g4 Ke5 51. Ra5+ Kf6 52. h4 Rc2
53. h5 Ke6 54. f4 Rb2 55. g5 Rb3+ 56. Ke4 Rb4+ 57. Kf3 Rb2 58. f5+ Ke7 59. h6
Rb5 60. Ra7+ Kf8 61. Kg4 Rb4+ 62. Kh5 Rb1 63. Rxa2 Kg8 64. Kg6 Rb8 65. f6 Kh8
66. Ra7 Rg8+ 67. Kh5 Rb8 68. g6 Rc8 69. g7+ Kh7 70. Kg5 Rb8 71. Kf5 Re8 72.
g8=Q+ Kxg8 73. f7+ 1-0

[Event "Euro Online U2300 Day 2"]
[Site "chess.com INT"]
[Date "2020.05.26"]
[Round "5"]
[White "Mladek, Richard"]
[Black "Randazzo, Adrian"]
[Result "1/2-1/2"]
[WhiteTitle "FM"]
[BlackTitle "FM"]
[WhiteElo "2280"]
[BlackElo "2293"]
[WhiteFideId "386588"]
[BlackFideId "114251"]
[EventDate "2020.05.26"]

1. e4 c5 2. Nf3 d6 3. d4 cxd4 4. Qxd4 a6 5. Be3 Nc6 6. Qd2 Nf6 7. Nc3 e6 8.
O-O-O Qc7 9. Bf4 e5 10. Bg5 Be6 11. Bxf6 gxf6 12. Nd5 Bxd5 13. Qxd5 Nb4 14. Qb3
Rc8 15. c3 Nc6 16. Nh4 Ne7 17. Be2 Bh6+ 18. Kb1 Bg5 19. Nf3 b5 20. h4 Bh6 21. g4
Nc6 22. g5 Bg7 23. h5 fxg5 24. Nxg5 Bf6 25. Nf3 Na5 26. Qd5 Be7 27. Nh4 Bxh4 28.
Rxh4 Ke7 29. Rg1 Rhg8 30. Rhg4 Rxg4 31. Rxg4 Qc6 32. Qd2 Nc4 33. Qg5+ Kd7 34.
Qf5+ Kc7 35. Qxf7+ Kb6 36. Bxc4 Rc7 37. Qd5 bxc4 38. h6 Qxd5 39. exd5 Rf7 40.
Rxc4 Rf6 41. Rc6+ Kb7 42. Kc2 Rxh6 43. Kd3 Rf6 44. Ke3 Rf4 45. Rxd6 h5 46. Re6
Rf5 47. c4 h4 48. Rh6 Rf4 49. c5 Rd4 50. Rh7+ Kc8 51. d6 Rc4 52. b4 a5 53. a3
axb4 54. axb4 h3 55. Rxh3 Rc3+ 56. Ke4 Rxh3 57. Kxe5 Rb3 58. f4 Rxb4 59. f5 Rc4
60. Kd5 Rf4 61. Ke6 Re4+ 62. Kd5 Rf4 63. Ke6 Re4+ 64. Kd5 Rf4 1/2-1/2

[Event "Euro Online U2300 Day 2"]
[Site "chess.com INT"]
[Date "2020.05.26"]
[Round "5"]
[White "Yelisieiev, Yevhenii"]
[Black "Mikheev, Aleksey"]
[Result "0-1"]
[WhiteTitle "IM"]
[WhiteElo "2407"]
[BlackElo "2239"]
[WhiteFideId "14139642"]
[BlackFideId "24177660"]
[EventDate "2020.05.26"]

1. d4 Nf6 2. Nf3 g6 3. g3 Bg7 4. Bg2 O-O 5. O-O d6 6. b3 c5 7. Bb2 Nc6 8. d5 Nb4
9. c4 e5 10. dxe6 Bxe6 11. Ng5 Qd7 12. Nxe6 fxe6 13. Nc3 a6 14. Qd2 Rad8 15.
Rad1 Nc6 16. e3 Qe7 17. Qe2 Qf7 18. Rd2 Rd7 19. Rfd1 Rfd8 20. Na4 Qe7 21. h3 Ne8
22. Bxg7 Kxg7 23. Qg4 Ne5 24. Qe2 Nc6 25. h4 Nf6 26. g4 h6 27. g5 Nh7 28. f4 e5
29. Qg4 Rc7 30. Nb6 h5 31. Qf3 Qf7 32. Nd5 Rcc8 33. Bh3 Rb8 34. Rf1 exf4 35.
Nxf4 Ne5 36. Qe4 Qe7 37. Ne6+ Kh8 38. Nxd8 Rxd8 39. Rd5 Nf8 40. Qf4 Kg7 41. Qf6+
Qxf6 42. Rxf6 Nf7 43. Rf2 Re8 44. Rf3 Re7 45. Kf2 Ne5 46. Rf6 Nf7 47. e4 Rxe4
48. Kg3 Re7 49. Bg2 Nd7 50. Rf2 Nde5 51. Rd1 b5 52. cxb5 axb5 53. Bd5 Nd8 54.
Rdf1 Ne6 55. Rf6 Nd4 56. Rxd6 Nf5+ 57. Rxf5 gxf5 58. Kf4 Nd3+ 59. Kxf5 Re5# 0-1

[Event "Euro Online U2300 Day 2"]
[Site "chess.com INT"]
[Date "2020.05.26"]
[Round "5"]
[White "Jafarli, Babak"]
[Black "Olsen, Filip Boe"]
[Result "1-0"]
[BlackTitle "IM"]
[WhiteElo "2020"]
[BlackElo "2353"]
[WhiteFideId "13406019"]
[BlackFideId "1440640"]
[EventDate "2020.05.26"]

1. e4 c5 2. Nf3 d6 3. Bb5+ Bd7 4. Bxd7+ Qxd7 5. O-O Nf6 6. Re1 Nc6 7. c3 e6 8.
d4 cxd4 9. cxd4 d5 10. e5 Ng8 11. Nc3 Nge7 12. Bg5 h6 13. Bf4 Nf5 14. g4 Nfe7
15. Qd2 h5 16. h3 Ng6 17. Bg3 Be7 18. Rac1 O-O-O 19. a3 Kb8 20. b4 hxg4 21. hxg4
Nh4 22. Bxh4 Bxh4 23. Kg2 Be7 24. Ne2 a6 25. Nf4 Rh7 26. Rb1 Na7 27. Nd3 Rdh8
28. Nc5 Qd8 29. a4 Bxc5 30. bxc5 Nc6 31. Rb6 Rh4 32. Qf4 g5 33. Qxf7 Rxg4+ 34.
Kf1 Qc8 35. Re3 Rf4 36. Qg7 g4 37. Rxb7+ Qxb7 38. Qxh8+ Ka7 39. Nd2 Nxd4 40. Qd8
Nc6 41. Qd6 Nd4 42. Rd3 g3 43. Rxg3 Nf5 44. Qb6+ Qxb6 45. cxb6+ Kxb6 46. Rg6 Nd4
47. Kg2 Ka5 48. Rf6 Rg4+ 49. Kh3 Rg5 50. f4 Rf5 51. Kg4 Kxa4 52. Nf3 Nxf3 53.
Kxf3 Kb5 54. Rxe6 Rf8 55. Rd6 Kc5 56. Rxa6 d4 57. Rd6 Kc4 58. Ke4 d3 59. Rxd3
Kc5 60. Rc3+ Kb6 61. Rc1 Kb7 62. f5 Re8 63. e6 Rf8 64. Ke5 1-0

[Event "Euro Online U2300 Day 2"]
[Site "chess.com INT"]
[Date "2020.05.26"]
[Round "5"]
[White "Hulka, Valentyn"]
[Black "Sargissyan, Sargis"]
[Result "0-1"]
[BlackTitle "FM"]
[WhiteElo "1892"]
[BlackElo "2269"]
[WhiteFideId "34107061"]
[BlackFideId "13303210"]
[EventDate "2020.05.26"]

1. e4 c5 2. Nf3 d6 3. c3 Nf6 4. h3 g6 5. Bd3 Bg7 6. O-O O-O 7. Bc2 Nc6 8. d4
cxd4 9. cxd4 d5 10. e5 Ne4 11. Nbd2 Bf5 12. Re1 Nxd2 13. Bxd2 Bxc2 14. Qxc2 Qb6
15. Qd3 Rac8 16. a3 Na5 17. Bxa5 Qxa5 18. Rac1 e6 19. Nd2 Bh6 20. Nb3 Qb6 21.
Rc5 Rc6 22. Re2 Rfc8 23. Rec2 Bf8 24. Rxc6 Rxc6 25. Rxc6 Qxc6 26. g3 a5 27. Qd2
a4 28. Nc1 Qc4 29. Ne2 b5 30. Kf1 b4 31. axb4 Bxb4 32. Qc1 Qb3 33. Kg2 Qd3 34.
Kf1 Kg7 35. h4 h6 36. Qa1 Qc2 37. Qc1 Qd3 38. Qa1 Qb5 39. Qc1 Ba5 40. Qc2 Qb4
41. Qc1 Qb3 42. Qa1 Bb6 43. Qc1 Qd3 44. Qe3 Qb1+ 45. Kg2 Qxb2 46. Qf3 Bd8 47. h5
g5 48. Nf4 Qc2 49. Qg4 Qe4+ 50. f3 Qc2+ 51. Kh3 Qc6 52. Nd3 a3 53. f4 a2 54. Nb4
Qa4 55. fxg5 Bxg5 56. Qd1 Qxd1 57. Nc6 Qxh5+ 58. Kg2 Qe2+ 59. Kh3 Qf1+ 60. Kg4
a1=Q 61. Kh5 Qad1+ 62. g4 Qh3# 0-1

[Event "Euro Online U2300 Day 2"]
[Site "chess.com INT"]
[Date "2020.05.26"]
[Round "5"]
[White "Gombocz, Ferenc Jr."]
[Black "Roque, Gaetan"]
[Result "1-0"]
[WhiteTitle "FM"]
[WhiteElo "2209"]
[BlackElo "2128"]
[WhiteFideId "775029"]
[BlackFideId "20666934"]
[EventDate "2020.05.26"]

1. c4 c5 2. g3 g6 3. Bg2 Bg7 4. Nc3 Nc6 5. a3 d6 6. Nf3 Bf5 7. d3 Qd7 8. h3 h5
9. e4 Be6 10. Ng5 Nd4 11. Nxe6 Qxe6 12. O-O Qd7 13. Rb1 Rd8 14. f4 e6 15. Kh2
Ne7 16. Be3 O-O 17. Bxd4 Bxd4 18. Ne2 Bg7 19. d4 Nc6 20. d5 Nd4 21. Nxd4 Bxd4
22. f5 exd5 23. cxd5 Be5 24. Qd2 Qe7 25. Kh1 Kh7 26. Rf3 Rg8 27. Rbf1 Rdf8 28.
f6 Qd7 29. Qg5 Rh8 30. b4 c4 31. R3f2 Rc8 32. Rc2 Qa4 33. Rff2 Qxa3 34. Rf3 Qxb4
35. Kh2 Qa4 36. Rff2 b5 37. h4 b4 38. Bh3 b3 39. Rc1 b2 40. Re1 c3 41. Bf5 c2
42. Qxh5+ Kg8 43. Qg4 c1=Q 44. Bxg6 Qh6 45. Bxf7+ Kxf7 46. Qe6+ Kg6 47. Qf5+ Kf7
48. Qe6+ Kf8 49. Qe7+ Kg8 50. f7+ Kh7 51. f8=Q+ Bg7 52. Qf5+ Qg6 53. Qxg6+ Kxg6
54. Qe6+ Kh7 55. Qf5+ Kg8 56. Qxc8+ Kh7 57. Qf5+ Kg8 58. Qe6+ Kh7 59. Rf5 Bh6
60. Qf7+ 1-0

[Event "Euro Online U2300 Day 2"]
[Site "chess.com INT"]
[Date "2020.05.26"]
[Round "5"]
[White "Ivic, Velimir"]
[Black "Labiano Hernandez, Juan"]
[Result "1-0"]
[WhiteTitle "GM"]
[WhiteElo "2548"]
[BlackElo "2158"]
[WhiteFideId "950122"]
[BlackFideId "24556840"]
[EventDate "2020.05.26"]

1. e4 e5 2. Nf3 Nf6 3. d4 Nxe4 4. Bd3 Nc6 5. d5 Nc5 6. O-O Nb4 7. Nxe5 Ncxd3 8.
Nxd3 Nxd5 9. Re1+ Be7 10. c4 Nf6 11. Qe2 d6 12. Nc3 Be6 13. Nf4 Bf5 14. b3 Qd7
15. Bb2 Kf8 16. Ncd5 Nxd5 17. Nxd5 Be6 18. Nxe7 Qxe7 19. Qh5 f6 20. Re3 Re8 21.
Rae1 Qd7 22. Qf3 Kf7 23. Qh5+ Kf8 24. Qf3 Kf7 25. Qxb7 a5 26. h3 a4 27. f4 c6
28. Qb6 c5 29. Rd1 Rd8 30. Red3 Ke7 31. Ba3 Rb8 32. Rxd6 Qc8 33. Qa5 axb3 34.
Bxc5 Kf7 35. axb3 Rxb3 36. f5 Bxf5 37. Bf2 Rb7 38. Qd5+ Kg6 39. g4 Bxg4 40. hxg4
Qxg4+ 41. Kh2 Qh5+ 42. Qxh5+ Kxh5 43. c5 Re8 44. Rd7 Rb2 45. R1d2 Rxd2 46. Rxd2
Rc8 47. Kg2 Kg6 48. Kf3 Kf5 49. Rd5+ Ke6 50. Rd6+ Ke7 51. Ke4 g6 52. Kd5 f5 53.
c6 Ra8 54. Rd7+ Ke8 55. Rxh7 Ra2 56. Bd4 f4 57. c7 Rc2 58. Ke6 Rc6+ 59. Kd5 Rc1
60. Bc5 Rd1+ 61. Kc6 Rd8 62. Re7+ Kf8 63. cxd8=R# 1-0

[Event "Euro Online U2300 Day 2"]
[Site "chess.com INT"]
[Date "2020.05.26"]
[Round "5"]
[White "Skliarov, Viktor"]
[Black "Klimkowski, Jan"]
[Result "1/2-1/2"]
[WhiteTitle "IM"]
[WhiteElo "2376"]
[BlackElo "2193"]
[WhiteFideId "14106736"]
[BlackFideId "21856222"]
[EventDate "2020.05.26"]

1. e4 c5 2. Nf3 d6 3. d4 cxd4 4. Qxd4 Nc6 5. Bb5 a6 6. Bxc6+ bxc6 7. O-O e5 8.
Qd3 Nf6 9. c4 Be6 10. Rd1 Be7 11. Bg5 O-O 12. Nc3 Qb6 13. b3 Rfd8 14. Rac1 Qb7
15. Qe3 h6 16. Bxf6 Bxf6 17. c5 dxc5 18. Qxc5 Rxd1+ 19. Nxd1 Qb5 20. Qxc6 Rd8
21. Qxb5 axb5 22. Ne3 Ra8 23. Rc2 g5 24. h3 Kg7 25. g4 Kg6 26. Kg2 h5 27. Nf5
Ra6 28. Rc5 b4 29. Nxe5+ Bxe5 30. Rxe5 Rxa2 31. Rb5 hxg4 32. hxg4 Bxb3 33. Rxb4
Be6 34. Rb8 Kf6 35. Ne3 Ke5 36. Kf3 Ra5 37. Rg8 Kf6 38. Nf5 Ra3+ 39. Kg2 Ke5 40.
Rxg5 Kxe4 41. Ng7 Bd7 42. Nh5 Be6 43. Rb5 Ra4 44. f3+ Kd4 45. Kg3 Bd5 46. Nf4
Bc6 47. Rf5 Ra7 48. g5 Ke3 49. Re5+ Kd4 50. Re1 Ra3 51. Rf1 Ke5 52. Kg4 Bd7+ 53.
Kg3 Kf5 54. Nh3 Bc6 55. Rf2 Rb3 56. Rf1 Ra3 57. Rf2 Rb3 58. Rf1 Ra3 1/2-1/2

[Event "Euro Online U2300 Day 2"]
[Site "chess.com INT"]
[Date "2020.05.26"]
[Round "5"]
[White "Dudin, Gleb"]
[Black "Poghosyan, Suren"]
[Result "0-1"]
[WhiteTitle "FM"]
[BlackTitle "FM"]
[WhiteElo "2387"]
[BlackElo "2275"]
[WhiteFideId "34184934"]
[BlackFideId "13303201"]
[EventDate "2020.05.26"]

1. d4 Nf6 2. c4 c5 3. d5 b5 4. cxb5 a6 5. bxa6 Bxa6 6. Nc3 g6 7. Nf3 Bg7 8. e4
Bxf1 9. Kxf1 d6 10. g3 O-O 11. Kg2 Nbd7 12. a4 Ra6 13. Qc2 Qa8 14. Rd1 Rb8 15.
Ra3 Rb4 16. Bd2 Qb7 17. b3 e6 18. Bf4 exd5 19. Nxd5 Rxe4 20. Nxf6+ Bxf6 21. Bxd6
Bd4 22. Bf4 g5 23. Bxg5 Ne5 24. Rd3 Rg6 25. Bd8 Qd5 26. Bc7 Nxd3 27. Qxd3 Rf6
28. Bf4 Rfe6 29. Ra2 Rb6 30. Qc4 Qxc4 31. bxc4 Bc3 32. Be3 Bb4 33. a5 Ra6 34.
Rc2 Rxa5 35. Ng5 Re5 36. Kf3 Ra3 37. Ne4 h6 38. Kf4 f6 39. Nxf6+ Kf7 40. Kxe5
Bc3+ 41. Kf5 Bxf6 42. Bxc5 Ra5 43. Ke4 Rxc5 44. f4 Ke6 45. g4 Be7 46. h3 Ra5 47.
Rc3 Bc5 48. Rd3 Ra1 49. h4 Re1+ 50. Kf3 Rf1+ 51. Kg3 Bd6 52. Rf3 Rg1+ 53. Kh3
Rc1 54. g5 h5 55. f5+ Kf7 56. Rd3 Be5 57. Re3 Bf4 58. Rf3 Rxc4 59. Rd3 Rc2 60.
g6+ Kf6 61. Rd2 Rxd2 0-1

[Event "Euro Online U2300 Day 2"]
[Site "chess.com INT"]
[Date "2020.05.26"]
[Round "5"]
[White "Luczak, Filip"]
[Black "Rogule, Laura"]
[Result "1/2-1/2"]
[WhiteTitle "CM"]
[BlackTitle "WGM"]
[WhiteElo "2240"]
[BlackElo "2297"]
[WhiteFideId "1193686"]
[BlackFideId "11601876"]
[EventDate "2020.05.26"]

1. d4 d5 2. c4 e6 3. Nf3 Nf6 4. g3 dxc4 5. Bg2 Nc6 6. Qa4 Bb4+ 7. Bd2 Bd6 8.
Qxc4 O-O 9. Nc3 e5 10. d5 Nb4 11. O-O c6 12. dxc6 Nxc6 13. Bg5 h6 14. Bxf6 Qxf6
15. Ne4 Qe7 16. Nxd6 Qxd6 17. Rfd1 Qe7 18. Rac1 Be6 19. Qc3 Bxa2 20. b3 Qe6 21.
Rd3 a5 22. Ra1 Nb4 23. Re3 Nd5 24. Ng5 hxg5 25. Bxd5 Qxd5 26. Rxa2 Rfc8 27. Rd2
Rxc3 28. Rxd5 Rxe3 29. fxe3 f6 30. Rb5 Ra7 31. Kf2 Kf7 32. Kf3 Ke6 33. Kg4 Kd6
34. e4 Kc6 35. Rd5 g6 36. h4 gxh4 37. gxh4 a4 38. bxa4 Rxa4 39. Kf3 Ra3+ 40. e3
b5 41. Rd8 b4 42. Rc8+ Kb5 43. Rb8+ Kc4 44. Rc8+ Kd3 45. Rc6 Ra1 46. Rd6+ Kc2
47. Ke2 Rh1 48. Rc6+ Kb2 49. Rxf6 Rxh4 50. Rxg6 b3 51. Kd3 Rh1 52. Re6 Rd1+ 53.
Kc4 Kc2 54. Rxe5 b2 55. Rb5 Re1 56. Kd4 Rd1+ 57. Ke5 b1=Q 58. Rxb1 Rxb1 59. Kf5
Kd3 60. e5 Kxe3 61. e6 Kd4 62. e7 Re1 63. Kf6 Kd5 64. Kf7 Rf1+ 65. Kg7 Re1 66.
Kf7 Kd6 67. e8=Q Rxe8 68. Kxe8 1/2-1/2